[Event "Hoogeveen op 24th"]
[Site "Hoogeveen"]
[Date "2021.10.17"]
[Round "3"]
[White "Konings, Frans"]
[Black "Bezemer, Arno J"]
[Result "0-1"]
[WhiteElo "2132"]
[BlackElo "2283"]
[PlyCount "94"]
[EventDate "2021.10.15"]
[EventType "swiss"]
[EventRounds "9"]
[EventCountry "NED"]
[SourceTitle "CBM 204 Extra"]
[Source "ChessBase"]
[SourceDate "2021.11.30"]
[SourceVersion "1"]
[SourceVersionDate "2021.11.30"]
[SourceQuality "1"]

1. e4 Nf6 2. e5 Nd5 3. c4 Nb6 4. d4 d6 5. f4 dxe5 6. fxe5 Nc6 7. Be3 Bf5 8. Nc3 e6 9. Nf3 Be7 10. Be2 0-0 11. 0-0 f6 12. exf6 Bxf6 13. Qd2 Qe7 14. Rad1 Rad8 15. Kh1 Kh8 16. Qc1 Rd7 17. Bg5 Bxg5 18. Qxg5 Qxg5 19. Nxg5 Rf6 20. Nce4 Bxe4 21. Nxe4 Rxf1+ 22. Rxf1 Kg8 23. Nc5 Re7 24. Rd1 Nd8 25. b3 Nc8 26. Bf3 b6 27. Ne4 h6 28. Kg1 Nf7 29. Kf2 Ncd6 30. c5 Nxe4+ 31. Bxe4 Rd7 32. b4 Kf8 33. h4 Ne5 34. Ke2 Ng4 35. a4 Nf6 36. Bc6 Rd8 37. Kd3 bxc5 38. bxc5 Rb8 39. Kc3 a5 40. Rd2 Ke7 41. Rb2 Nd5+ 42. Bxd5 Rxb2 43. Kxb2 exd5 44. Kc2 Kf6 45. g4 h5 46. gxh5 Kf5 47. Kd3 Kf4 0-1

[Event "Dieren op"]
[Site "Dieren"]
[Date "2019.07.25"]
[Round "3"]
[White "Neelotpal, Das"]
[Black "Konings, Frans"]
[Result "1/2-1/2"]
[WhiteElo "2406"]
[BlackElo "2208"]
[PlyCount "180"]
[EventDate "2019.07.23"]
[EventType "swiss"]
[EventRounds "9"]
[EventCountry "NED"]
[SourceTitle "CBM 191 Extra"]
[Source "ChessBase"]
[SourceDate "2019.09.30"]
[SourceVersion "1"]
[SourceVersionDate "2019.09.30"]
[SourceQuality "1"]

1. e4 e5 2. Nf3 Nc6 3. Bb5 a6 4. Ba4 Nf6 5. d3 b5 6. Bb3 Be7 7. 0-0 d6 8. a3 0-0 9. Re1 Na5 10. Ba2 c5 11. Nc3 Be6 12. Ne2 Bxa2 13. Rxa2 Ne8 14. Ng3 g6 15. Bd2 Nc6 16. c3 Bf6 17. a4 Nc7 18. Qe2 Qc8 19. Bh6 Re8 20. h3 Qe6 21. Raa1 bxa4 22. Rxa4 Reb8 23. Rea1 Rb7 24. Nf1 Rab8 25. Bc1 h5 26. Ne3 Ne7 27. Nc4 Nc6 28. Ne3 Ne7 29. Nd2 Bg5 30. Ndc4 Bxe3 31. Qxe3 Nc6 32. Qf3 Rd8 33. Bg5 Rd7 34. Ne3 Nb8 35. g4 Rxb2 36. gxh5 Kh7 37. Ng4 Ne8 38. hxg6+ fxg6 39. Qg3 Kg8 40. d4 exd4 41. cxd4 cxd4 42. Rxd4 Nc6 43. Rd3 Rdb7 44. Kh2 Rb1 45. Rxa6 Qxe4 46. Qf3 Qxf3 47. Rxf3 R1b6 48. Nh6+ Kh7 49. Rxb6 Rxb6 50. Rf7+ Ng7 51. Ng4 Kg8 52. Rc7 Nh5 53. Ne3 Ne5 54. Nd5 Rb1 55. Kg2 Rd1 56. Nf6+ Nxf6 57. Bxf6 Kf8 58. Bg5 Nf7 59. Bc1 Rd5 60. Bb2 Ne5 61. Bc1 Nf7 62. Kg3 Ke8 63. Be3 Rf5 64. Rc8+ Kd7 65. Rg8 Rf6 66. Rg7 Ke8 67. Bd4 Re6 68. Rg8+ Ke7 69. Ra8 Re4 70. Be3 Re6 71. Kf4 Kd7 72. Bd4 Ke7 73. Ra7+ Ke8 74. Ra8+ Ke7 75. h4 Kd7 76. Ra7+ Ke8 77. h5 gxh5 78. Kf5 Re7 79. Ra8+ Nd8 80. Bf6 Rd7 81. Kg5 d5 82. Kxh5 d4 83. Kg4 d3 84. Bxd8 Rxd8 85. Rxd8+ Kxd8 86. Kf3 Ke7 87. Ke3 Kf6 88. Kxd3 Kf5 89. Ke3 Ke5 90. Kf3 Kf5 1/2-1/2

[Event "Utrecht OKU op 44th"]
[Site "Utrecht"]
[Date "2017.06.11"]
[Round "6"]
[White "Konings, Frans"]
[Black "Dijkhuis, Oele"]
[Result "0-1"]
[WhiteElo "2244"]
[BlackElo "2054"]
[PlyCount "82"]
[EventDate "2017.06.09"]
[EventType "swiss"]
[EventRounds "6"]
[EventCountry "NED"]
[SourceTitle "CBM 178 Extra"]
[Source "ChessBase"]
[SourceDate "2017.06.22"]
[SourceVersion "1"]
[SourceVersionDate "2017.06.22"]
[SourceQuality "1"]

1. d4 Nf6 2. c4 g6 3. Nc3 Bg7 4. e4 d6 5. Nf3 0-0 6. Be2 e5 7. d5 a5 8. Bg5 h6 9. Bh4 Qe8 10. Nd2 Nh7 11. 0-0 Na6 12. Kh1 Bd7 13. h3 h5 14. g4 hxg4 15. hxg4 Bh6 16. Kg2 f5 17. f3 fxg4 18. fxg4 Bf4 19. Rh1 Nc5 20. Nb3 Nxb3 21. axb3 g5 22. Bg3 Qc8 23. Rh6 Rf6 24. Qh1 Rxh6 25. Qxh6 Qf8 26. Qxf8+ Kxf8 27. b4 Nf6 28. Rxa5 Rxa5 29. bxa5 Bd2 30. Bf3 Bxg4 31. c5 Bxf3+ 32. Kxf3 g4+ 33. Ke2 Bxc3 34. c6 bxc6 35. a6 Bd4 36. Bh4 Nxe4 37. dxc6 Ke8 38. b4 Nc3+ 39. Kd3 Nb5 40. Kc4 Na7 41. Kd5 Bb6 0-1

[Event "Utrecht OKU op 44th"]
[Site "Utrecht"]
[Date "2017.06.10"]
[Round "4"]
[White "Konings, Frans"]
[Black "Pruijssers, Roeland"]
[Result "0-1"]
[WhiteElo "2244"]
[BlackElo "2502"]
[PlyCount "40"]
[EventDate "2017.06.09"]
[EventType "swiss"]
[EventRounds "6"]
[EventCountry "NED"]
[SourceTitle "CBM 178 Extra"]
[Source "ChessBase"]
[SourceDate "2017.06.22"]
[SourceVersion "1"]
[SourceVersionDate "2017.06.22"]
[SourceQuality "1"]

1. d4 f5 2. Nf3 Nf6 3. g3 g6 4. Bg2 Bg7 5. 0-0 0-0 6. b3 a5 7. c4 e6 8. Ba3 d6 9. Nbd2 Nc6 10. Qc2 Nb4 11. Qb1 e5 12. dxe5 dxe5 13. Rd1 Qe7 14. Bb2 e4 15. Ne5 Nh5 16. f4 g5 17. e3 gxf4 18. gxf4 Bxe5 19. Bxe5 Nd3 20. Bc3 Nhxf4 0-1

[Event "Utrecht OKU op 43rd"]
[Site "Utrecht"]
[Date "2016.06.05"]
[Round "6"]
[White "Peng, Zhaoqin"]
[Black "Konings, Frans"]
[Result "1-0"]
[WhiteElo "2379"]
[BlackElo "2250"]
[PlyCount "116"]
[EventDate "2016.06.03"]
[EventType "swiss"]
[EventRounds "6"]
[EventCountry "NED"]
[SourceTitle "CBM 172 Extra"]
[Source "ChessBase"]
[SourceDate "2016.06.21"]
[SourceVersion "1"]
[SourceVersionDate "2016.06.21"]
[SourceQuality "1"]

1. d4 d5 2. Nf3 Nf6 3. c4 e6 4. Nc3 Be7 5. Bg5 0-0 6. e3 h6 7. Bh4 Nbd7 8. Rc1 c6 9. a3 b6 10. Bd3 Bb7 11. 0-0 c5 12. cxd5 Nxd5 13. Bg3 Nxc3 14. bxc3 c4 15. Bxc4 Bxa3 16. Rb1 Be7 17. Bd3 Nf6 18. Nd2 Nd5 19. Qb3 Rc8 20. Rfc1 Qd7 21. Ra1 Ra8 22. Bb5 Bc6 23. Bxc6 Qxc6 24. c4 Nf6 25. Ra6 Rfd8 26. Rca1 Rd7 27. h3 Ne4 28. Nxe4 Qxe4 29. Qb5 Rb7 30. R1a2 Bd8 31. d5 exd5 32. Qc6 Qe7 33. cxd5 Qd7 34. e4 Kh7 35. Bf4 b5 36. Rb2 Bb6 37. Qxd7 Rxd7 38. Rxb5 Re8 39. Ra4 f6 40. g4 g5 41. Bd2 Kg6 42. Kg2 h5 43. Ba5 Bxa5 44. Rbxa5 Rde7 45. Kf3 Rb8 46. Rxa7 Rb3+ 47. Kg2 Rxa7 48. Rxa7 h4 49. Re7 Rd3 50. f3 Rd1 51. Kf2 Rd4 52. Ke2 Kh6 53. Ke3 Rd1 54. Ke2 Rd4 55. Ra7 Kg6 56. Rb7 Kh6 57. Ke3 Rd1 58. Rb2 Kg6 1-0

[Event "NED-chT 1213"]
[Site "Netherlands"]
[Date "2012.11.03"]
[Round "3.4"]
[White "Hausrath, Daniel"]
[Black "Konings, Frans"]
[Result "1-0"]
[WhiteElo "2490"]
[BlackElo "2283"]
[PlyCount "87"]
[EventDate "2012.09.15"]
[EventType "team-tourn"]
[EventRounds "9"]
[EventCountry "NED"]
[SourceTitle "EXT 2013"]
[Source "ChessBase"]
[SourceDate "2012.11.22"]
[SourceVersion "1"]
[SourceVersionDate "2012.11.22"]
[SourceQuality "1"]
[WhiteTeam "Voerendaal"]
[BlackTeam "De Stukkenjagers"]
[WhiteTeamCountry "NED"]
[BlackTeamCountry "NED"]

1. Nf3 d5 2. g3 Nf6 3. Bg2 e6 4. d4 Be7 5. c4 0-0 6. Qc2 c6 7. 0-0 Nbd7 8. Rd1 b6 9. b3 Bb7 10. Nc3 Qc8 11. e4 dxe4 12. Ng5 h6 13. Ngxe4 Nxe4 14. Nxe4 Nf6 15. Bf4 c5 16. dxc5 Nxe4 17. Bxe4 Bxe4 18. Qxe4 Bxc5 19. Rd3 Qa6 20. Be5 f5 21. Qc6 Qc8 22. Qf3 a5 23. Rad1 Ra7 24. Bd6 Rff7 25. Qe2 Rf6 26. Bb8 Qxb8 27. Rd8+ Qxd8 28. Rxd8+ Kh7 29. Re8 Re7 30. Rxe7 Bxe7 31. Qe5 Bc5 32. Kg2 Kg6 33. h4 Kf7 34. h5 f4 35. gxf4 Rf5 36. Qc7+ Kf6 37. Qd8+ Kf7 38. Qd7+ Kf6 39. Qe8 Rxf4 40. Qg6+ Ke5 41. Qxg7+ Ke4 42. f3+ Kd3 43. Qxh6 e5 44. Qg5 1-0

[Event "NED-chT 1112"]
[Site "Netherlands"]
[Date "2012.04.22"]
[Round "9.7"]
[White "Jens, Jelmer"]
[Black "Konings, Frans"]
[Result "0-1"]
[WhiteElo "2382"]
[BlackElo "2280"]
[PlyCount "125"]
[EventDate "2011.09.17"]
[EventType "team-tourn"]
[EventRounds "9"]
[EventCountry "NED"]
[SourceTitle "EXT 2013"]
[Source "ChessBase"]
[SourceDate "2012.11.22"]
[SourceVersion "1"]
[SourceVersionDate "2012.11.22"]
[SourceQuality "1"]
[WhiteTeam "Utrecht"]
[BlackTeam "De Stukkenjagers"]
[WhiteTeamCountry "NED"]
[BlackTeamCountry "NED"]

1. e4 d6 2. d4 Nf6 3. Nc3 g6 4. g3 Bg7 5. Bg2 0-0 6. Nge2 e5 7. h3 c6 8. a4 exd4 9. Nxd4 Re8 10. 0-0 Na6 11. Re1 Nb4 12. f4 d5 13. e5 Nd7 14. g4 Nf8 15. Nf3 f5 16. g5 Ne6 17. Na2 Na6 18. Be3 Bf8 19. Nd4 Nxd4 20. Qxd4 Nc5 21. Rad1 Be6 22. Nc3 Ne4 23. Nxe4 fxe4 24. Qd2 Qd7 25. c4 Red8 26. Kh2 Qe8 27. Qf2 Bb4 28. Rf1 b6 29. h4 Qe7 30. Kg3 Rd7 31. cxd5 cxd5 32. Rc1 Rdd8 33. h5 Rac8 34. hxg6 hxg6 35. Rcd1 Bc5 36. Rh1 Qe8 37. b3 Bf8 38. Bd4 Rd7 39. Bf1 Rdc7 40. Qh2 Bg7 41. Qd2 Qf8 42. Ba6 Qf5 43. Rh4 Re8 44. Rc1 Qf7 45. Rxc7 Qxc7 46. Rh1 Qf7 47. b4 Qf5 48. Rh4 Bd7 49. Bb7 Be6 50. a5 Re7 51. Bc6 bxa5 52. b5 Rf7 53. Qxa5 e3 54. Qe1 Bf8 55. Qxe3 Rh7 56. Rxh7 Qg4+ 57. Kf2 Kxh7 58. Bxa7 Bb4 59. Bd4 Qd1 60. b6 Qc2+ 61. Kg3 Qxc6 62. Qb3 Qb5 63. b7 0-1

[Event "NED-chT 1112"]
[Site "Netherlands"]
[Date "2012.03.10"]
[Round "7.3"]
[White "Konings, Frans"]
[Black "Van der Heijden, Ton"]
[Result "0-1"]
[WhiteElo "2280"]
[BlackElo "2314"]
[PlyCount "144"]
[EventDate "2011.09.17"]
[EventType "team-tourn"]
[EventRounds "9"]
[EventCountry "NED"]
[SourceTitle "EXT 2013"]
[Source "ChessBase"]
[SourceDate "2012.11.22"]
[SourceVersion "1"]
[SourceVersionDate "2012.11.22"]
[SourceQuality "1"]
[WhiteTeam "De Stukkenjagers"]
[BlackTeam "BSG"]
[WhiteTeamCountry "NED"]
[BlackTeamCountry "NED"]

1. d4 Nf6 2. c4 g6 3. g3 Bg7 4. Bg2 0-0 5. Nf3 d6 6. 0-0 Nbd7 7. Nc3 e5 8. e4 c6 9. h3 Qa5 10. Re1 Re8 11. d5 cxd5 12. cxd5 b5 13. Nd2 Nc5 14. a4 Bd7 15. Nb3 Nxb3 16. Qxb3 Rab8 17. Bg5 bxa4 18. Qa3 Rb4 19. Na2 Rb6 20. Bf1 Bb5 21. Bxb5 Qxb5 22. Qf3 Nd7 23. Nc3 Qb3 24. Rxa4 Ra8 25. Rea1 Rb7 26. R4a3 Qc2 27. Rc1 Qxb2 28. Rb1 Qxb1+ 29. Nxb1 Rxb1+ 30. Kg2 a5 31. Qg4 Nc5 32. Be3 h5 33. Qf3 Rb5 34. Qe2 Rab8 35. Bxc5 Rxc5 36. Qa6 Bf8 37. Rxa5 Rc2 38. Ra2 Rc1 39. Qa7 Rbb1 40. Qd7 Rg1+ 41. Kf3 Rb3+ 42. Ke2 Rgb1 43. Ra8 R1b2+ 44. Kf1 Rf3 45. Qa7 h4 46. gxh4 Kg7 47. Kg1 Rf4 48. h5 gxh5 49. Re8 h4 50. Qe3 Rb1+ 51. Kg2 Rb4 52. Ra8 Rbxe4 53. Qd3 Rd4 54. Qb5 Rd2 55. Qb6 Be7 56. Kf1 Bg5 57. Ke1 Rc4 58. Kf1 Rcc2 59. Kg1 Rd1+ 60. Kg2 Rd3 61. Qb1 Rdd2 62. Qb6 Rd3 63. Qb1 Rdd2 64. Qg1 Kf6 65. Kf3 Rc4 66. Ra6 e4+ 67. Kg4 Rxd5 68. Qa1+ Kg6 69. Rxd6+ Rxd6 70. Qa5 e3+ 71. Kf3 Rf6+ 72. Ke2 exf2 0-1

[Event "NED-chT 1112"]
[Site "Netherlands"]
[Date "2011.10.29"]
[Round "2.2"]
[White "Konings, Frans"]
[Black "Brandenburg, Daan"]
[Result "0-1"]
[WhiteElo "2280"]
[BlackElo "2522"]
[PlyCount "70"]
[EventDate "2011.09.17"]
[EventType "team-tourn"]
[EventRounds "9"]
[EventCountry "NED"]
[SourceTitle "EXT 2012"]
[Source "ChessBase"]
[SourceDate "2011.11.24"]
[SourceVersion "1"]
[SourceVersionDate "2011.11.24"]
[SourceQuality "1"]
[WhiteTeam "De Stukkenjagers"]
[BlackTeam "Groningen"]
[WhiteTeamCountry "NED"]
[BlackTeamCountry "NED"]

1. d4 d5 2. c4 e6 3. Nc3 Nf6 4. cxd5 exd5 5. Bg5 Be7 6. e3 Nbd7 7. Bd3 c6 8. Qc2 Nh5 9. Bxe7 Qxe7 10. Nge2 Ndf6 11. 0-0-0 g6 12. h3 Ng7 13. g4 0-0 14. Nf4 Bd7 15. Kb1 Rac8 16. Ka1 Rfd8 17. Qe2 b5 18. Rdg1 a5 19. h4 Ne6 20. g5 Ne8 21. Nxe6 Bxe6 22. h5 Nd6 23. Rh2 Rc7 24. Qf3 Bf5 25. Bxf5 Nxf5 26. Ne2 a4 27. Nf4 a3 28. hxg6 axb2+ 29. Kb1 fxg6 30. Rgh1 Qa3 31. Qe2 Ra8 32. Qxb2 Qxb2+ 33. Kxb2 Rca7 34. Kb3 Nd6 35. Kb4 Ne4 0-1

[Event "Roosendaal op"]
[Site "Roosendaal"]
[Date "2011.08.20"]
[Round "3"]
[White "Konings, Frans"]
[Black "Stork, Ornett J"]
[Result "0-1"]
[WhiteElo "2280"]
[BlackElo "2117"]
[PlyCount "76"]
[EventDate "2011.08.19"]
[EventType "swiss"]
[EventRounds "6"]
[EventCountry "NED"]
[SourceTitle "CBM 143 Extra"]
[Source "ChessBase"]
[SourceDate "2011.08.29"]
[SourceVersion "1"]
[SourceVersionDate "2011.08.29"]
[SourceQuality "1"]

1. d4 Nf6 2. c4 c5 3. d5 b5 4. cxb5 a6 5. bxa6 g6 6. Nc3 Bxa6 7. g3 d6 8. Bg2 Nbd7 9. Nf3 Bg7 10. Rb1 Nb6 11. b3 Bc8 12. Nh4 h6 13. Qc2 Qd7 14. Bb2 g5 15. Nf3 Qf5 16. e4 Qg6 17. 0-0 0-0 18. Rfc1 e6 19. dxe6 Bxe6 20. Qe2 Ng4 21. Rd1 Rfd8 22. Rd2 c4 23. Nd4 Ne5 24. Nf5 Bf8 25. Ba1 cxb3 26. axb3 g4 27. Qe3 Ra6 28. Na4 Nbd7 29. Nd4 Rb8 30. Nc3 Nc5 31. Bf1 Rab6 32. Rdb2 h5 33. Nf5 Bxf5 34. exf5 Qxf5 35. Nd5 Nf3+ 36. Kh1 Qxd5 37. Bg2 Rxb3 38. Rxb3 Rxb3 0-1

[Event "Roosendaal op"]
[Site "Roosendaal"]
[Date "2010.08.28"]
[Round "3"]
[White "Miedema, David"]
[Black "Konings, Frans"]
[Result "1-0"]
[WhiteElo "2414"]
[BlackElo "2260"]
[PlyCount "79"]
[EventDate "2010.08.27"]
[EventType "swiss"]
[EventRounds "6"]
[EventCountry "NED"]
[SourceTitle "CBM 138 Extra"]
[Source "ChessBase"]
[SourceDate "2010.10.29"]
[SourceVersion "1"]
[SourceVersionDate "2010.10.29"]
[SourceQuality "1"]

1. d4 d5 2. c4 c6 3. Nc3 Nf6 4. e3 a6 5. Nf3 Bf5 6. Be2 e6 7. Nh4 Be4 8. f3 Bg6 9. Qb3 Ra7 10. Bd2 Bd6 11. 0-0-0 dxc4 12. Bxc4 b5 13. Be2 0-0 14. Nxg6 hxg6 15. e4 Bc7 16. Bg5 Qc8 17. Kb1 Bb6 18. Na4 Bd8 19. Nc5 Nbd7 20. Be3 Nxc5 21. dxc5 a5 22. g4 a4 23. Qc3 a3 24. b3 Ba5 25. b4 Bc7 26. h4 Qb8 27. Bc1 Be5 28. Qb3 Bf4 29. Bxa3 Qc7 30. Bb2 Rfa8 31. a3 Be5 32. Rd3 Bxb2 33. Qxb2 Nd7 34. h5 Ne5 35. h6 gxh6 36. Rxh6 f6 37. f4 Qg7 38. Rdh3 Nd7 39. g5 e5 40. Qb3+ 1-0

[Event "Dos Hermanas Internet qual-E 10th"]
[Site "ICC INT"]
[Date "2009.03.15"]
[Round "5"]
[White "Bortnyk, Olexandr"]
[Black "Konings, Frans"]
[Result "1-0"]
[WhiteElo "2170"]
[BlackElo "2232"]
[PlyCount "65"]
[EventDate "2009.03.15"]
[EventType "swiss (blitz)"]
[EventRounds "12"]
[EventCountry "ESP"]
[SourceTitle "CBM 129 Extra"]
[Source "ChessBase"]
[SourceDate "2009.05.05"]
[SourceVersion "2"]
[SourceVersionDate "2009.05.20"]
[SourceQuality "1"]

1. e4 d6 2. d4 Nf6 3. Nc3 g6 4. g3 Bg7 5. Bg2 0-0 6. Nge2 c6 7. 0-0 e5 8. h3 b5 9. a3 Nbd7 10. Kh2 Bb7 11. f4 Qc7 12. f5 a6 13. Bg5 exd4 14. Nxd4 c5 15. Nde2 b4 16. axb4 cxb4 17. Nd5 Bxd5 18. exd5 Rfe8 19. Nd4 Ne5 20. Bxf6 Bxf6 21. fxg6 Kg7 22. gxh7 Qc5 23. Nf5+ Kh8 24. Nh6 Bg7 25. Nxf7+ Nxf7 26. Rxf7 Re3 27. Rxg7 Kxg7 28. Qg4+ Kh8 29. Rxa6 Rf8 30. Rc6 Qa7 31. Rxd6 Qg7 32. Rg6 Qxh7 33. Qd4+ 1-0

[Event "Tilburg op"]
[Site "Tilburg"]
[Date "2008.08.??"]
[Round "?"]
[White "Konings, Frans"]
[Black "Wirig, Anthony"]
[Result "0-1"]
[WhiteElo "2230"]
[BlackElo "2456"]
[PlyCount "64"]
[EventDate "2008.08.22"]
[EventType "swiss"]
[EventRounds "6"]
[EventCountry "NED"]
[SourceTitle "CBM 126 Extra"]
[Source "ChessBase"]
[SourceDate "2008.11.05"]
[SourceVersion "1"]
[SourceVersionDate "2008.11.05"]
[SourceQuality "1"]

1. d4 Nf6 2. Nf3 e6 3. e3 c5 4. Bd3 d5 5. b3 Qa5+ 6. Bd2 Qc7 7. c4 dxc4 8. bxc4 Be7 9. 0-0 b6 10. Qe2 Bb7 11. Bc3 Nbd7 12. Nbd2 cxd4 13. exd4 b5 14. c5 Nd5 15. Rac1 Nf4 16. Qe3 Nxd3 17. Qxd3 Bc6 18. d5 Bxd5 19. Bxg7 Rg8 20. Bd4 Bc6 21. Qxh7 0-0-0 22. Qxf7 Bg5 23. Be3 Bf6 24. Qxe6 Be5 25. Ne4 Bxe4 26. c6 Bxf3 27. cxd7+ Kb8 28. Bxa7+ Ka8 29. Rfd1 Rxg2+ 30. Kf1 Bxh2 31. Qd5+ Bxd5 32. Rxc7 Bf3 0-1

[Event "Maastricht Limburg op"]
[Site "Maastricht"]
[Date "2008.05.12"]
[Round "6"]
[White "Holscher, Peter AC"]
[Black "Konings, Frans"]
[Result "0-1"]
[WhiteElo "2072"]
[BlackElo "2262"]
[PlyCount "116"]
[EventDate "2008.05.09"]
[EventType "swiss"]
[EventRounds "7"]
[EventCountry "NED"]
[SourceTitle "EXT 2009"]
[Source "ChessBase"]
[SourceDate "2008.11.26"]
[SourceVersion "1"]
[SourceVersionDate "2008.11.26"]
[SourceQuality "1"]

1. d4 d5 2. Nf3 Nf6 3. c4 c6 4. Nbd2 a6 5. g3 Bf5 6. Bg2 e6 7. 0-0 h6 8. b3 Nbd7 9. Bb2 Be7 10. Ne5 0-0 11. Ndf3 Be4 12. Bh3 a5 13. Nxd7 Nxd7 14. Qd2 a4 15. c5 b6 16. b4 bxc5 17. dxc5 Bxf3 18. exf3 Bf6 19. a3 Nb8 20. Rfe1 Na6 21. Be5 Bxe5 22. Rxe5 Nc7 23. Bf1 f6 24. Ree1 e5 25. f4 e4 26. f5 Qd7 27. Qf4 Rfe8 28. Rad1 Rad8 29. Rd4 Re5 30. g4 g5 31. Qg3 h5 32. h3 Qh7 33. Re3 Rd7 34. f3 Qe7 35. f4 gxf4 36. Qxf4 Qg7 37. Rg3 h4 38. Re3 Kh7 39. Re1 Qh6 40. Qxh6+ Kxh6 41. Kf2 Kg5 42. Ke3 Rd8 43. Red1 Rg8 44. Be2 Rxf5 45. gxf5 Kxf5 46. Bg4+ Ke5 47. Bd7 Nb5 48. R4d2 d4+ 49. Ke2 Nc3+ 50. Ke1 e3 51. Kf1 exd2 52. Rxd2 Ne4 53. Rd3 Kd5 54. Rd1 Rg3 55. b5 cxb5 56. c6 Rc3 57. c7 Rxc7 58. Bxb5 Nc3 0-1

[Event "Maastricht Limburg op"]
[Site "Maastricht"]
[Date "2008.05.11"]
[Round "4"]
[White "Gijsen, Stief"]
[Black "Konings, Frans"]
[Result "1-0"]
[WhiteElo "2079"]
[BlackElo "2262"]
[PlyCount "63"]
[EventDate "2008.05.09"]
[EventType "swiss"]
[EventRounds "7"]
[EventCountry "NED"]
[SourceTitle "EXT 2009"]
[Source "ChessBase"]
[SourceDate "2008.11.26"]
[SourceVersion "1"]
[SourceVersionDate "2008.11.26"]
[SourceQuality "1"]

1. e4 d6 2. d4 Nf6 3. Nc3 g6 4. Be3 c6 5. h3 Nbd7 6. f4 b5 7. Qf3 b4 8. Na4 Qa5 9. b3 Bg7 10. Bd3 Ba6 11. Bd2 0-0 12. a3 Bxd3 13. cxd3 Qb5 14. axb4 e5 15. Ne2 c5 16. bxc5 Ne8 17. cxd6 Nxd6 18. fxe5 f5 19. Nac3 Qxb3 20. exd6 fxe4 21. Qxe4 Nb6 22. Rf1 Rfe8 23. Qc6 Bxd4 24. Rb1 Qc2 25. d7 Rf8 26. Qe6+ Kh8 27. Rxf8+ Rxf8 28. Nxd4 Qxd3 29. Qe5+ Kg8 30. Qe6+ Kh8 31. Nde2 Nc4 32. Qd5 1-0

[Event "Maastricht Limburg op"]
[Site "Maastricht"]
[Date "2007.05.25"]
[Round "1"]
[White "Konings, Frans"]
[Black "Kamps, JW."]
[Result "1-0"]
[WhiteElo "2246"]
[BlackElo "2102"]
[PlyCount "83"]
[EventDate "2007.05.25"]
[EventType "swiss"]
[EventRounds "7"]
[EventCountry "NED"]
[SourceTitle "CBM 118 Extra"]
[Source "ChessBase"]
[SourceDate "2007.07.04"]
[SourceVersion "1"]
[SourceVersionDate "2007.07.04"]
[SourceQuality "1"]

1. d4 Nf6 2. c4 c5 3. d5 e5 4. Nc3 d6 5. e4 Nbd7 6. Nf3 Be7 7. Be2 0-0 8. 0-0 Ne8 9. a3 g6 10. Bh6 Ng7 11. Qd2 Nf6 12. Ng5 Kh8 13. f4 Ng4 14. Bxg7+ Kxg7 15. Nf3 exf4 16. Qxf4 f6 17. Qg3 Nh6 18. Rad1 f5 19. Ne1 Bf6 20. Nc2 Be5 21. Qe1 f4 22. Rd3 Ng4 23. Bxg4 Bxg4 24. Nd1 Qe7 25. Nf2 Bd7 26. Rf3 b5 27. Nd3 bxc4 28. Nxf4 Bxb2 29. Qb1 Be5 30. Qb7 Rae8 31. Ne6+ Bxe6 32. Qxe7+ Rxe7 33. Rxf8 Bd7 34. Rb8 Ba4 35. Ne1 Bd4+ 36. Kh1 Rxe4 37. Nf3 Bf6 38. Re1 Re7 39. Rxe7+ Bxe7 40. Rb1 Bb3 41. h4 Bf6 42. Nd2 1-0

[Event "Ghent op 29th"]
[Site "Ghent"]
[Date "2006.07.18"]
[Round "7"]
[White "Sowray, Peter John"]
[Black "Konings, Frans"]
[Result "1-0"]
[WhiteElo "2357"]
[BlackElo "2224"]
[PlyCount "45"]
[EventDate "2006.07.15"]
[EventType "swiss"]
[EventRounds "9"]
[EventCountry "BEL"]
[SourceTitle "CBM 113 Extra"]
[Source "ChessBase"]
[SourceDate "2006.09.14"]
[SourceVersion "1"]
[SourceVersionDate "2006.09.14"]
[SourceQuality "1"]

1. f4 d6 2. Nf3 g6 3. e4 Bg7 4. Be2 Nf6 5. d3 0-0 6. 0-0 c5 7. Qe1 c4 8. Qh4 cxd3 9. cxd3 Nc6 10. Kh1 b6 11. Nc3 Ba6 12. f5 Nb4 13. e5 Nfd5 14. Bh6 f6 15. Nd4 Nc7 16. fxg6 hxg6 17. Bxg7 Kxg7 18. exf6+ Rxf6 19. Ne4 Bxd3 20. Nxf6 exf6 21. Bxd3 Nxd3 22. Nf5+ gxf5 23. Qg3+ 1-0

[Event "Vlissingen HZ op 08th"]
[Site "Vlissingen"]
[Date "2004.08.14"]
[Round "9"]
[White "Konings, Frans"]
[Black "De Blasio, Alessandro"]
[Result "1-0"]
[WhiteElo "2200"]
[BlackElo "2086"]
[PlyCount "109"]
[EventDate "2004.08.07"]
[EventType "swiss"]
[EventRounds "9"]
[EventCountry "NED"]
[SourceTitle "CBM 101 Extra"]
[Source "ChessBase"]
[SourceDate "2004.09.01"]
[SourceVersion "2"]
[SourceVersionDate "2004.09.01"]
[SourceQuality "1"]

1. d4 d5 2. Nf3 Nf6 3. c4 e6 4. Nc3 c6 5. e3 Nbd7 6. Bd3 dxc4 7. Bxc4 b5 8. Be2 Bb7 9. 0-0 b4 10. Na4 c5 11. Ne5 Nxe5 12. dxe5 Qxd1 13. Rxd1 Nd7 14. f4 Rd8 15. b3 Be7 16. Kf2 0-0 17. Bb2 Bc6 18. a3 Bxa4 19. bxa4 a5 20. axb4 cxb4 21. Bc4 Nb6 22. Bb3 Rxd1 23. Rxd1 Rd8 24. Rxd8+ Bxd8 25. e4 Nd7 26. Bd4 Kf8 27. Ke3 Ke7 28. Kd3 Bc7 29. Kc4 g6 30. Kb5 Kd8 31. Bc4 Kc8 32. g4 Kb7 33. h3 Nb8 34. f5 Nc6 35. Bb2 Bxe5 36. fxe6 Bxb2 37. exf7 Na7+ 38. Kxa5 Bg7 39. Kxb4 Bf8+ 40. Kc3 Bg7+ 41. Kd3 Kb6 42. Bd5 Kc5 43. Ke3 g5 44. Ba8 Nc8 45. e5 Nb6 46. Bg2 Nc8 47. Ke4 Ne7 48. Bf1 Bf8 49. a5 Ng6 50. a6 Kb6 51. Kf5 Be7 52. Ke6 Bf8 53. Kd7 Bg7 54. e6 Ne5+ 55. Ke8 1-0